Reproductive periods in birds near the equator (Registro nro. 14711)

Detalles MARC
000 -CABECERA
Campo de control 002870000a22001090004500
090 ## - CLASIFICACIÓN LOCAL
Colección AS
Consecutivo Seriadas
041 0# - IDIOMA
Código de idioma para texto/pista de sonido o título separado
100 1# - ASIENTO PRINCIPAL--NOMBRE PERSONAL
Nombre personal Miller, Alden H.
245 10 - MENCION DE TITULO
Título Reproductive periods in birds near the equator
773 1# - Item fuente:
Título Caldasia
Especificación de materiales 45
Descripción física 37
Paginas del Articulo 295-301
Lugar, editorial y fecha de publicación 1958
Información sobre la relación 8
942 ## - ELEMENTOS ADICIONALES (KOHA)
Tipo de ítem Artículo

No hay ítems disponibles.